000 01127nam a22003257a 4500
003 OSt
005 20230525103718.0
008 221006b |||||||| |||| 00| 0 eng d
040 _cBiblioteca Lado V
082 _a700
_bG599h
110 _9831
_aGoethe-Institut
_eEditor
245 _aHumboldt/
260 _bSDV Saarbrucker Druckerei und Verlag GmbH
_c1998
_aAlemania
300 _c21x28cm
_a80p.
366 _espa
490 _a124
_v40
_x0018-7615
505 _aOficio de Barquero
505 _aMiscelanea
505 _aNoticiario
650 _2Tesauro de Arte & Arquitectura
_aARTE
_9703
650 _2Tesauro de Arte & Arquitectura
_aPINTURA
650 _2Tesauro de Arte & Arquitectura
_aFOTOGRAFIA
_9702
650 _2Tesauro de Arte & Arquitectura
_aENTREVISTAS
650 _2Tesauro de Arte & Arquitectura
_aMISCELANEA
650 _2Tesauro de Arte & Arquitectura
_aREPORTAJES
650 _2Tesauro de Arte & Arquitectura
_aESPAÑOL
650 _2Tesauro de Arte & Arquitectura
_aARTE EUROPEO
651 _2Tesauro de Arte & Arquitectura
_aALEMANIA
942 _2ddc
_c1
_h700
_iG599c
_n0
999 _c3733
_d3733